[Event "Sherbrooke-op C"]
[Site "Sherbrooke CAN"]
[Date "2005.05.27"]
[Round "1"]
[White "Dubois, Lise"]
[Black "Jolin, Fernand"]
[Result "0-1"]
[WhiteElo "1092"]
[BlackElo "1412"]
[PlyCount "68"]
[GameId "2160767910968164"]
[EventDate "2005.05.27"]
[EventType "swiss"]
[EventRounds "5"]
[EventCountry "CAN"]
[SourceTitle "CBM 106 Extra"]
[Source "ChessBase"]
[SourceDate "2005.07.01"]
[SourceVersion "1"]
[SourceVersionDate "2005.07.01"]
[SourceQuality "1"]

1. e4 e5 2. Nf3 d6 3. Bc4 Bg4 4. c3 g6 5. d4 Bg7 6. Be3 c6 7. Nbd2 d5 8. Bb3 Ne7 9. Qc2 exd4 10. Nxd4 O-O 11. f3 Bd7 12. O-O-O c5 13. Ne2 c4 14. Bd4 cxb3 15. Nxb3 Bxd4 16. Nexd4 Nbc6 17. Ne2 Be6 18. h4 Qb6 19. Nbd4 Nxd4 20. Nxd4 Rac8 21. e5 Nf5 22. Qd2 Nxd4 23. Qxd4 Qa6 24. Kb1 Rc4 25. Qf2 Qb5 26. h5 Rxc3 27. hxg6 fxg6 28. Qh4 Rc7 29. g4 Qe2 30. Rc1 Qxe5 31. Rce1 Qd6 32. Qg5 Rcf7 33. Rh6 Rg7 34. Reh1 Qf4 0-1

[Event "Sherbrooke-op C"]
[Site "Sherbrooke CAN"]
[Date "2005.05.27"]
[Round "1"]
[White "Fournier, Mathieu"]
[Black "Belanger, Jean Sebastien"]
[Result "0-1"]
[WhiteElo "1196"]
[BlackElo "1440"]
[PlyCount "102"]
[GameId "2160767910968165"]
[EventDate "2005.05.27"]
[EventType "swiss"]
[EventRounds "5"]
[EventCountry "CAN"]
[SourceTitle "CBM 106 Extra"]
[Source "ChessBase"]
[SourceDate "2005.07.01"]
[SourceVersion "1"]
[SourceVersionDate "2005.07.01"]
[SourceQuality "1"]

1. e4 c6 2. d4 d5 3. Nc3 dxe4 4. Nxe4 Bf5 5. Ng3 Bg6 6. Nf3 Nf6 7. Bc4 e6 8. Bg5 Nbd7 9. O-O Qc7 10. Re1 O-O-O 11. a3 h6 12. Bh4 Be7 13. b4 Bh7 14. Ne2 g5 15. Bg3 Bd6 16. Nc3 Bxg3 17. fxg3 g4 18. Ne5 Nxe5 19. Rxe5 Qxe5 20. dxe5 Rxd1+ 21. Rxd1 Nd7 22. Bd3 Bxd3 23. Rxd3 Nxe5 24. Rd4 f5 25. Ne2 Rd8 26. a4 Rxd4 27. Nxd4 Kd7 28. Kf2 b6 29. c3 c5 30. Ne2 cxb4 31. cxb4 Nd3+ 32. Ke3 Nxb4 33. Nd4 Nc6 34. Nb5 a6 35. Na3 Ne5 36. Kd4 Kd6 37. h3 h5 38. h4 Nc6+ 39. Kc3 e5 40. Nc4+ Kc5 41. Nb2 e4 42. Nc4 b5 43. axb5 axb5 44. Ne3 Ne7 45. Nc2 Nd5+ 46. Kb2 b4 47. Kc1 Kc4 48. Kd2 e3+ 49. Ke2 b3 50. Na3+ Kb4 51. Nb1 Nc3+ 0-1

[Event "Sherbrooke-op C"]
[Site "Sherbrooke CAN"]
[Date "2005.05.27"]
[Round "1"]
[White "Olivier, Luc"]
[Black "Legendre, Leonard"]
[Result "0-1"]
[WhiteElo "1234"]
[BlackElo "1456"]
[PlyCount "94"]
[GameId "2160767910968167"]
[EventDate "2005.05.27"]
[EventType "swiss"]
[EventRounds "5"]
[EventCountry "CAN"]
[SourceTitle "CBM 106 Extra"]
[Source "ChessBase"]
[SourceDate "2005.07.01"]
[SourceVersion "1"]
[SourceVersionDate "2005.07.01"]
[SourceQuality "1"]

1. d4 d5 2. c4 dxc4 3. Nf3 e6 4. e3 c5 5. Bxc4 Nf6 6. Nc3 a6 7. O-O b5 8. Bd3 Bb7 9. Re1 Nc6 10. Ne4 Nxd4 11. Nxf6+ Qxf6 12. exd4 cxd4 13. Nxd4 Qxd4 14. Be3 Qd7 15. Rc1 Be7 16. Re2 O-O 17. Rec2 Qd5 18. f3 Rad8 19. Rd2 Qe5 20. Qe2 Bd6 21. g3 f5 22. Bf2 Qf6 23. Bc5 Bxc5+ 24. Rxc5 Qd4+ 25. Qf2 Qxf2+ 26. Kxf2 Rd7 27. Ke3 Rfd8 28. Rcc2 Bxf3 29. Kxf3 Rxd3+ 30. Rxd3 Rxd3+ 31. Kf4 Kf7 32. h4 Kf6 33. Re2 h6 34. h5 Rd4+ 35. Kf3 e5 36. Rc2 Kg5 37. Ke3 Rc4 38. Rd2 Kxh5 39. Rd6 Rc2 40. Rxa6 Rxb2 41. a4 bxa4 42. Rxa4 Rb3+ 43. Kf2 e4 44. Kg2 Kg4 45. Ra6 Rxg3+ 46. Kf2 Kf4 47. Ra4 h5 0-1

[Event "Sherbrooke-op C"]
[Site "Sherbrooke CAN"]
[Date "2005.05.27"]
[Round "1"]
[White "Pelletier, Jacques"]
[Black "Perreault, Victor"]
[Result "0-1"]
[WhiteElo "1471"]
[BlackElo "1333"]
[PlyCount "32"]
[GameId "2160767910968168"]
[EventDate "2005.05.27"]
[EventType "swiss"]
[EventRounds "5"]
[EventCountry "CAN"]
[SourceTitle "CBM 106 Extra"]
[Source "ChessBase"]
[SourceDate "2005.07.01"]
[SourceVersion "1"]
[SourceVersionDate "2005.07.01"]
[SourceQuality "1"]

1. e4 e5 2. Nf3 d6 3. d4 Bg4 4. dxe5 Bxf3 5. Qxf3 dxe5 6. Bc4 Qf6 7. Qb3 Nd7 8. Qxb7 Rb8 9. Qd5 Bc5 10. O-O Qg6 11. Qd3 Ngf6 12. Nd2 O-O 13. Kh1 Rbd8 14. f3 Nh5 15. Nb3 Ng3+ 16. hxg3 Qh5# 0-1

[Event "Sherbrooke-op C"]
[Site "Sherbrooke CAN"]
[Date "2005.05.27"]
[Round "1"]
[White "Poirier, Vincent"]
[Black "Fabry, Christian"]
[Result "1/2-1/2"]
[WhiteElo "1442"]
[BlackElo "1314"]
[PlyCount "118"]
[GameId "2160767910968169"]
[EventDate "2005.05.27"]
[EventType "swiss"]
[EventRounds "5"]
[EventCountry "CAN"]
[SourceTitle "CBM 106 Extra"]
[Source "ChessBase"]
[SourceDate "2005.07.01"]
[SourceVersion "1"]
[SourceVersionDate "2005.07.01"]
[SourceQuality "1"]

1. d4 Nf6 2. c4 d6 3. Nc3 e5 4. dxe5 dxe5 5. Qxd8+ Kxd8 6. Bg5 c6 7. Nf3 Bd6 8. Rd1 Kc7 9. e3 Bf5 10. Be2 Ne4 11. Nxe4 Bxe4 12. O-O f6 13. Bh4 g5 14. Bg3 Nd7 15. Nd2 Bg6 16. f4 h5 17. f5 Bf7 18. Ne4 Be7 19. Rd2 Nc5 20. Nxg5 fxg5 21. Bxe5+ Kb6 22. b4 Rhd8 23. bxc5+ Bxc5 24. Rb2+ Ka6 25. Kf2 Re8 26. Bd4 Bxd4 27. exd4 Re4 28. c5+ Ka5 29. Rxb7 Rf4+ 30. Ke1 Bxa2 31. Rxf4 gxf4 32. Bxh5 Ka6 33. Rb2 Bd5 34. g3 Rf8 35. g4 f3 36. Kf2 Be4 37. Ke3 Bd5 38. Bg6 Rh8 39. f6 Rh3 40. Kf4 Ka5 41. Be4 Rh6 42. Bxd5 Rxf6+ 43. Ke3 cxd5 44. Rf2 Kb4 45. Rxf3 Re6+ 46. Kd3 a5 47. Rf2 Kb3 48. Rc2 Rc6 49. g5 a4 50. Rc3+ Kb2 51. Kd2 a3 52. h4 a2 53. Rc2+ Kb1 54. Rxa2 Kxa2 55. Ke3 Re6+ 56. Kf4 Re4+ 57. Kf5 Rxd4 58. Ke5 Rxh4 59. Kxd5 Rh5 1/2-1/2

[Event "Sherbrooke-op C"]
[Site "Sherbrooke CAN"]
[Date "2005.05.27"]
[Round "1"]
[White "Salvas, Guy"]
[Black "Mercier, Jonathan"]
[Result "0-1"]
[WhiteElo "1429"]
[BlackElo "1125"]
[PlyCount "124"]
[GameId "2160767910968170"]
[EventDate "2005.05.27"]
[EventType "swiss"]
[EventRounds "5"]
[EventCountry "CAN"]
[SourceTitle "CBM 106 Extra"]
[Source "ChessBase"]
[SourceDate "2005.07.01"]
[SourceVersion "1"]
[SourceVersionDate "2005.07.01"]
[SourceQuality "1"]

1. e4 c5 2. Nf3 Nc6 3. d4 cxd4 4. Nxd4 d6 5. Be2 Nf6 6. Nc3 g6 7. Be3 Bg7 8. h3 O-O 9. Qd2 Bd7 10. Nf3 a6 11. Bh6 Qa5 12. Bxg7 Kxg7 13. a3 Rfc8 14. Bd3 Be6 15. Ng5 Nd4 16. Nxe6+ Nxe6 17. O-O Nd4 18. Rfe1 e5 19. Rf1 Nh5 20. g4 Nf3+ 21. Kh1 Nxd2 22. Rfd1 Nf4 23. Rxd2 Nxh3 24. Bf1 Nf4 25. Rad1 Qd8 26. f3 Qh4+ 27. Rh2 Qd8 28. Rdd2 g5 29. Nd1 Qb6 30. b3 Ng6 31. Nb2 Nh4 32. Rhf2 Rc6 33. Nc4 Qd8 34. Nxe5 Rc3 35. Bc4 Qf6 36. Nd7 Qh6 37. Rh2 Rxf3 38. Nb6 Re8 39. Bd3 Rxe4 40. Rd1 Rd4 41. Re1 Rxg4 42. Nc4 Rf2 43. Rh3 Rg3 44. Re3 Rxh3+ 45. Rxh3 g4 46. Rh2 Rxh2+ 47. Kxh2 Nf3+ 48. Kg3 Qh3+ 49. Kf4 h5 50. Bf5 Qh2+ 51. Ke3 g3 52. Kxf3 g2 53. Bd3 Qh3+ 54. Kf2 g1=Q+ 55. Kxg1 Qg3+ 56. Kf1 h4 57. Nd2 h3 58. Ne4 Qg4 59. Nf2 Qg2+ 60. Ke1 Qg3 61. Be4 Kf6 62. Bxb7 Ke5 0-1

[Event "Sherbrooke-op C"]
[Site "Sherbrooke CAN"]
[Date "2005.05.27"]
[Round "1"]
[White "Vallieres, Claude"]
[Black "Hebert, Pierre"]
[Result "1/2-1/2"]
[WhiteElo "1131"]
[BlackElo "1439"]
[PlyCount "73"]
[GameId "2160767910968171"]
[EventDate "2005.05.27"]
[EventType "swiss"]
[EventRounds "5"]
[EventCountry "CAN"]
[SourceTitle "CBM 106 Extra"]
[Source "ChessBase"]
[SourceDate "2005.07.01"]
[SourceVersion "1"]
[SourceVersionDate "2005.07.01"]
[SourceQuality "1"]

1. e4 c5 2. Nf3 Nc6 3. Bc4 d6 4. h3 Nf6 5. Nc3 g6 6. O-O Bg7 7. d3 O-O 8. Be3 a6 9. a4 Nd7 10. Rb1 Nde5 11. Bb3 Nxf3+ 12. Qxf3 e6 13. Rfd1 Bd7 14. Bf4 Nd4 15. Qe3 Qc7 16. Bg3 Nxb3 17. cxb3 Bc6 18. Qxc5 dxc5 19. Bxc7 Rac8 20. Bb6 Bd4 21. b4 Bxc3 22. bxc3 cxb4 23. cxb4 Bxa4 24. Rd2 Rc6 25. Bc5 Rd8 26. d4 b6 27. Be7 Rdc8 28. Ra1 Rc1+ 29. Rxc1 Rxc1+ 30. Kh2 Bb3 31. Rb2 Bc4 32. Kg3 f5 33. Bg5 Rc3+ 34. Kf4 fxe4 35. Kxe4 Bd5+ 36. Ke5 Kf7 37. f3 1/2-1/2

[Event "Sherbrooke-op C"]
[Site "Sherbrooke CAN"]
[Date "2005.05.27"]
[Round "1"]
[White "Viens, Nicolas"]
[Black "Roy, Samuel"]
[Result "0-1"]
[WhiteElo "1348"]
[BlackElo "1485"]
[PlyCount "102"]
[GameId "2160767910968172"]
[EventDate "2005.05.27"]
[EventType "swiss"]
[EventRounds "5"]
[EventCountry "CAN"]
[SourceTitle "CBM 106 Extra"]
[Source "ChessBase"]
[SourceDate "2005.07.01"]
[SourceVersion "1"]
[SourceVersionDate "2005.07.01"]
[SourceQuality "1"]

1. c4 Nf6 2. Nc3 c6 3. Nf3 d5 4. e3 e6 5. d4 Nbd7 6. Bd3 dxc4 7. Bxc4 b5 8. Bb3 b4 9. Ne2 Bd6 10. O-O O-O 11. Qc2 Bb7 12. e4 Be7 13. Rd1 Rc8 14. e5 Nd5 15. Bxd5 cxd5 16. Qd3 Qc7 17. Ng5 Qc2 18. Be3 Qxd3 19. Rxd3 Rc2 20. Rd2 Rfc8 21. Rb1 Rxd2 22. Bxd2 Rc2 23. Nf3 Ba6 24. Ng3 Nb6 25. h3 Bd3 26. Rc1 Rxc1+ 27. Bxc1 Bb1 28. a3 bxa3 29. bxa3 Nc4 30. Ne2 Nxa3 31. Bxa3 Bxa3 32. Nc3 Bd3 33. Ne1 Bb4 34. Nxd3 Bxc3 35. f4 Bxd4+ 36. Kf1 f6 37. Ke2 Kf7 38. exf6 Kxf6 39. g4 e5 40. fxe5+ Bxe5 41. Kf3 a5 42. h4 a4 43. Nb4 Ke6 44. h5 a3 45. Ke3 Bd6 46. Na2 Ke5 47. Kf3 Kd4 48. Ke2 Bf4 49. Nb4 Kc4 50. Nc2 a2 51. Kd1 Be5 0-1

[Event "Sherbrooke-op C"]
[Site "Sherbrooke CAN"]
[Date "2005.05.27"]
[Round "1"]
[White "Vincent, Pascal"]
[Black "Baril, Andre"]
[Result "1-0"]
[WhiteElo "1389"]
[BlackElo "923"]
[PlyCount "83"]
[GameId "2160767910968173"]
[EventDate "2005.05.27"]
[EventType "swiss"]
[EventRounds "5"]
[EventCountry "CAN"]
[SourceTitle "CBM 106 Extra"]
[Source "ChessBase"]
[SourceDate "2005.07.01"]
[SourceVersion "1"]
[SourceVersionDate "2005.07.01"]
[SourceQuality "1"]

1. e4 c5 2. Nc3 Nc6 3. g3 e5 4. Bg2 Be7 5. d3 Nf6 6. f4 d6 7. Nf3 O-O 8. O-O Be6 9. fxe5 dxe5 10. Nh4 Nd4 11. Nf5 Nxf5 12. exf5 Bc8 13. Ne4 Rb8 14. Nxf6+ Bxf6 15. Qg4 Qd4+ 16. Qxd4 cxd4 17. c3 b6 18. cxd4 exd4 19. Bf4 Rb7 20. Bxb7 Bxb7 21. Rac1 Bd8 22. Be5 Bg5 23. Bf4 Bd8 24. Rc4 b5 25. Rb4 a6 26. Be5 Ba5 27. Rb3 Rd8 28. f6 Bd5 29. Ra3 gxf6 30. Bxf6 Rd6 31. Rxa5 Re6 32. Bxd4 Bb7 33. Kf2 Rd6 34. Ke3 Re6+ 35. Kd2 Rd6 36. Rf4 Bc8 37. a4 Bd7 38. axb5 Bxb5 39. Rg4+ Rg6 40. Rxg6+ hxg6 41. Rxb5 axb5 42. Kc3 1-0

[Event "Sherbrooke-op C"]
[Site "Sherbrooke CAN"]
[Date "2005.05.28"]
[Round "2"]
[White "Baril, Andre"]
[Black "Viens, Nicolas"]
[Result "0-1"]
[WhiteElo "923"]
[BlackElo "1348"]
[PlyCount "58"]
[GameId "2160767910968174"]
[EventDate "2005.05.27"]
[EventType "swiss"]
[EventRounds "5"]
[EventCountry "CAN"]
[SourceTitle "CBM 106 Extra"]
[Source "ChessBase"]
[SourceDate "2005.07.01"]
[SourceVersion "1"]
[SourceVersionDate "2005.07.01"]
[SourceQuality "1"]

1. c4 e5 2. Nc3 Nf6 3. g3 Nc6 4. Nf3 d6 5. d3 Be6 6. Bg2 Rb8 7. O-O Be7 8. b3 O-O 9. Ng5 h6 10. Nxe6 fxe6 11. Bb2 d5 12. Rc1 b6 13. e3 Qd7 14. Ne2 Rf7 15. f4 Ng4 16. Rf3 Bf6 17. Qd2 e4 18. Rff1 Bxb2 19. Qxb2 Nxe3 20. Rfe1 Nxg2 21. Kxg2 Nb4 22. Rcd1 Nxd3 23. Rxd3 exd3 24. Nc1 dxc4 25. Rd1 Qd5+ 26. Kg1 Qf3 27. Rf1 Qe3+ 28. Rf2 Rd8 29. Kf1 d2 0-1

[Event "Sherbrooke-op C"]
[Site "Sherbrooke CAN"]
[Date "2005.05.28"]
[Round "2"]
[White "Beauchesne, Jonathan"]
[Black "Salvas, Guy"]
[Result "0-1"]
[WhiteElo "1233"]
[BlackElo "1429"]
[PlyCount "117"]
[GameId "2160767910968175"]
[EventDate "2005.05.27"]
[EventType "swiss"]
[EventRounds "5"]
[EventCountry "CAN"]
[SourceTitle "CBM 106 Extra"]
[Source "ChessBase"]
[SourceDate "2005.07.01"]
[SourceVersion "1"]
[SourceVersionDate "2005.07.01"]
[SourceQuality "1"]

1. e4 e5 2. Nf3 Nc6 3. Bb5 a6 4. Ba4 Nf6 5. O-O Bc5 6. Nxe5 Nxe5 7. d4 Bd6 8. dxe5 Bxe5 9. Re1 O-O 10. c3 b5 11. Bc2 Bb7 12. Kh1 c5 13. f4 Bb8 14. e5 Ne8 15. Qh5 g6 16. Qh6 f5 17. Re3 Qe7 18. Rh3 Nf6 19. Be3 Ng4 20. Bxc5 d6 21. Bb3+ Kh8 22. Bd4 dxe5 23. Bc5 Nxh6 24. Bxe7 Ng4 25. Rxh7+ Kxh7 26. Bxf8 Ne3 27. fxe5 Bxe5 28. Bc5 Nxg2 29. Kg1 Rh8 30. Nd2 Kg7 31. Bd4 Bxd4+ 32. cxd4 Rd8 33. Rd1 Rxd4 34. Nf3 Rxd1+ 35. Bxd1 Ne3 36. Be2 Bd5 37. a3 Nc4 38. Bxc4 Bxc4 39. b4 Kf6 40. Kf2 Bd5 41. Nd4 f4 42. Ne2 Ke5 43. h4 Kf5 44. Nd4+ Kg4 45. Ne2 Bc4 46. h5 gxh5 47. Nd4 Bd5 48. Ne2 h4 49. Kg1 f3 50. Nc3 Bc6 51. Kh2 f2 52. Nd1 Kf3 53. Nxf2 Kxf2 54. Kh3 Ke3 55. Kxh4 Kd3 56. Kg4 Kc3 57. Kf4 Kb3 58. Ke5 Kxa3 59. Kd6 0-1

[Event "Sherbrooke-op C"]
[Site "Sherbrooke CAN"]
[Date "2005.05.28"]
[Round "2"]
[White "Belanger, Jean Sebastien"]
[Black "Perreault, Victor"]
[Result "1-0"]
[WhiteElo "1440"]
[BlackElo "1333"]
[PlyCount "101"]
[GameId "2160767910968176"]
[EventDate "2005.05.27"]
[EventType "swiss"]
[EventRounds "5"]
[EventCountry "CAN"]
[SourceTitle "CBM 106 Extra"]
[Source "ChessBase"]
[SourceDate "2005.07.01"]
[SourceVersion "1"]
[SourceVersionDate "2005.07.01"]
[SourceQuality "1"]

1. e4 e5 2. f4 exf4 3. Nf3 g5 4. h3 Nc6 5. Bc4 d6 6. d4 Bg7 7. Nc3 h6 8. a3 Nge7 9. Qd3 f5 10. Bd5 Rf8 11. Bd2 fxe4 12. Bxe4 Bf5 13. O-O-O Qd7 14. h4 Bf6 15. hxg5 hxg5 16. Rh5 Bg4 17. Bg6+ Kd8 18. Rh7 Bf5 19. Bxf5 Qxf5 20. Qxf5 Nxf5 21. Nd5 Be7 22. Nxg5 Bxg5 23. Nxc7 Nce7 24. Ne6+ Kd7 25. Nxg5 Nxd4 26. Bb4 Ndf5 27. Ne4 d5 28. Rxd5+ Ke6 29. Rb5 b6 30. Bxe7 Nxe7 31. Rg5 Rg8 32. Rhg7 Rxg7 33. Rxg7 Nf5 34. Rg6+ Ke5 35. Nf2 Rd8 36. Nd3+ Kd4 37. Nxf4 Ne3 38. Ne6+ Kc4 39. Nxd8 Kb5 40. g4 a5 41. g5 Ka4 42. Re6 Nxc2 43. Kxc2 b5 44. Re4+ b4 45. axb4 axb4 46. g6 Ka5 47. g7 Kb5 48. g8=Q Ka4 49. Qb3+ Ka5 50. Rxb4 Ka6 51. Qa3# 1-0

[Event "Sherbrooke-op C"]
[Site "Sherbrooke CAN"]
[Date "2005.05.28"]
[Round "2"]
[White "Bourque, Laurent"]
[Black "Olivier, Luc"]
[Result "1/2-1/2"]
[WhiteElo "807"]
[BlackElo "1234"]
[PlyCount "41"]
[GameId "2160767910968177"]
[EventDate "2005.05.27"]
[EventType "swiss"]
[EventRounds "5"]
[EventCountry "CAN"]
[SourceTitle "CBM 106 Extra"]
[Source "ChessBase"]
[SourceDate "2005.07.01"]
[SourceVersion "1"]
[SourceVersionDate "2005.07.01"]
[SourceQuality "1"]

1. c4 c5 2. Nf3 Nf6 3. d4 cxd4 4. Nxd4 e6 5. Nc3 Bb4 6. Bd2 O-O 7. e3 Nc6 8. Bd3 Re8 9. O-O Bxc3 10. Bxc3 d5 11. cxd5 exd5 12. Nf5 Bxf5 13. Bxf5 Ne4 14. Bxe4 Rxe4 15. Qf3 Qe8 16. Qg3 g6 17. Qh3 Qf8 18. Rfd1 Rd8 19. Qf3 f5 20. Rd2 Qf7 21. Rad1 1/2-1/2

[Event "Sherbrooke-op C"]
[Site "Sherbrooke CAN"]
[Date "2005.05.28"]
[Round "2"]
[White "Fabry, Christian"]
[Black "Remillard, Pierre"]
[Result "1-0"]
[WhiteElo "1314"]
[BlackElo "1431"]
[PlyCount "64"]
[GameId "2160767910968179"]
[EventDate "2005.05.27"]
[EventType "swiss"]
[EventRounds "5"]
[EventCountry "CAN"]
[SourceTitle "CBM 106 Extra"]
[Source "ChessBase"]
[SourceDate "2005.07.01"]
[SourceVersion "1"]
[SourceVersionDate "2005.07.01"]
[SourceQuality "1"]

1. e4 c5 2. c3 d5 3. exd5 Qxd5 4. Nf3 Nf6 5. d4 cxd4 6. cxd4 e6 7. a3 Nc6 8. Nc3 Qa5 9. Bd2 Qb6 10. Na4 Qd8 11. Bc3 Be7 12. Bd3 Qc7 13. O-O Ng4 14. h3 h5 15. hxg4 hxg4 16. g3 gxf3 17. Qxf3 b6 18. d5 Nd8 19. dxe6 Bb7 20. Be4 Bxe4 21. exf7+ Kf8 22. Qxe4 Rc8 23. Rac1 Qd7 24. Rfe1 Qb7 25. Bxg7+ Kxg7 26. Qxb7 Nxb7 27. Rxc8 Rxc8 28. Rxe7 Rc4 29. Nxb6 Rc1+ 30. Kg2 axb6 31. Rxb7 Rc2 32. Rxb6 Kxf7 1-0

[Event "Sherbrooke-op C"]
[Site "Sherbrooke CAN"]
[Date "2005.05.28"]
[Round "2"]
[White "Fournier, Mathieu"]
[Black "Pelletier, Jacques"]
[Result "0-1"]
[WhiteElo "1196"]
[BlackElo "1471"]
[PlyCount "66"]
[GameId "2160767910968180"]
[EventDate "2005.05.27"]
[EventType "swiss"]
[EventRounds "5"]
[EventCountry "CAN"]
[SourceTitle "CBM 106 Extra"]
[Source "ChessBase"]
[SourceDate "2005.07.01"]
[SourceVersion "1"]
[SourceVersionDate "2005.07.01"]
[SourceQuality "1"]

1. d4 e5 2. dxe5 Nc6 3. Nf3 Qe7 4. b3 Nxe5 5. Nbd2 d5 6. Bb2 Nxf3+ 7. Nxf3 Nf6 8. g3 Bg4 9. Bg2 O-O-O 10. O-O Qe6 11. Ne5 Bh5 12. Qd3 Bc5 13. Rfe1 Ne8 14. Qb5 Bb6 15. a4 a6 16. Qd3 f6 17. Nf3 Bg6 18. Qd2 c6 19. b4 Nc7 20. Bd4 Bxd4 21. Nxd4 Qd7 22. c3 Rhe8 23. Nb3 b6 24. Qd4 Kb7 25. a5 c5 26. bxc5 b5 27. e4 Bxe4 28. Bxe4 dxe4 29. Rxe4 Qc6 30. Rxe8 Rxd4 31. cxd4 Qxe8 32. Rd1 Nd5 33. Rc1 Kc6 0-1

[Event "Sherbrooke-op C"]
[Site "Sherbrooke CAN"]
[Date "2005.05.28"]
[Round "2"]
[White "Hebert, Pierre"]
[Black "Germain, Emile"]
[Result "1-0"]
[WhiteElo "1439"]
[BlackElo "1487"]
[PlyCount "61"]
[GameId "2160767910968182"]
[EventDate "2005.05.27"]
[EventType "swiss"]
[EventRounds "5"]
[EventCountry "CAN"]
[SourceTitle "CBM 106 Extra"]
[Source "ChessBase"]
[SourceDate "2005.07.01"]
[SourceVersion "1"]
[SourceVersionDate "2005.07.01"]
[SourceQuality "1"]

1. d4 b6 2. c4 Bb7 3. Nf3 e6 4. g3 d5 5. b3 Nf6 6. Bg2 Nbd7 7. O-O h6 8. Nc3 c5 9. Nxd5 Nxd5 10. cxd5 Bxd5 11. Bb2 Nf6 12. Rc1 Be7 13. Qd3 O-O 14. Rfd1 Rc8 15. Qa6 Rc7 16. dxc5 Bxc5 17. Bxf6 Qxf6 18. b4 Bd6 19. Rxc7 Bxc7 20. Qxa7 Qc3 21. Qa4 Ra8 22. Qd7 Rxa2 23. Qe8+ Kh7 24. Qxf7 Rxe2 25. Ng5+ hxg5 26. Qh5+ Kg8 27. Qxe2 Bc4 28. Qh5 Bb5 29. Be4 Qf6 30. Rc1 Qe7 31. Bg6 1-0

[Event "Sherbrooke-op C"]
[Site "Sherbrooke CAN"]
[Date "2005.05.28"]
[Round "2"]
[White "Mercier, Jonathan"]
[Black "Ben Ali, Amine"]
[Result "1-0"]
[WhiteElo "1125"]
[BlackElo "1432"]
[PlyCount "107"]
[GameId "2160767910968184"]
[EventDate "2005.05.27"]
[EventType "swiss"]
[EventRounds "5"]
[EventCountry "CAN"]
[SourceTitle "CBM 106 Extra"]
[Source "ChessBase"]
[SourceDate "2005.07.01"]
[SourceVersion "1"]
[SourceVersionDate "2005.07.01"]
[SourceQuality "1"]

1. d4 d5 2. Nf3 Nc6 3. Bf4 Bf5 4. a3 e6 5. e3 Bd6 6. Bxd6 Qxd6 7. Nc3 Bg4 8. Be2 Nf6 9. h3 Bh5 10. g4 Bg6 11. Nb5 Qe7 12. Nh4 a6 13. Nxg6 hxg6 14. Nc3 Ne4 15. Nxe4 dxe4 16. Qd2 Qh4 17. Bf1 f5 18. O-O-O O-O-O 19. Rg1 Ne7 20. g5 e5 21. Qa5 Rd6 22. Rd2 Rhd8 23. Qxe5 Qh8 24. Qxe7 Qg8 25. Qe5 Qb3 26. Kd1 Qxb2 27. Qxg7 Qb1+ 28. Ke2 Qb5+ 29. Ke1 Qb1+ 30. Rd1 Qxc2 31. Be2 Qc3+ 32. Kf1 Qxa3 33. Kg2 Qb2 34. Bc4 c5 35. Rb1 R6d7 36. Qxd7+ Rxd7 37. Rxb2 cxd4 38. Be6 d3 39. Bxd7+ Kxd7 40. Rxb7+ Kc6 41. Rg7 Kd5 42. Rxg6 Kc4 43. Rxa6 Kc3 44. Kg3 Kc2 45. Rga1 d2 46. R6a2+ Kd3 47. g6 Ke2 48. g7 Kd3 49. g8=Q Kc3 50. Qd8 Kb3 51. Qc8 d1=Q 52. Rxd1 Kxa2 53. Qb8 f4+ 54. Kxf4 1-0

[Event "Sherbrooke-op C"]
[Site "Sherbrooke CAN"]
[Date "2005.05.28"]
[Round "2"]
[White "Poirier, Vincent"]
[Black "Arsenault, Jean"]
[Result "1-0"]
[WhiteElo "1442"]
[BlackElo "1272"]
[PlyCount "65"]
[GameId "2160767910968185"]
[EventDate "2005.05.27"]
[EventType "swiss"]
[EventRounds "5"]
[EventCountry "CAN"]

1. d4 d5 2. c4 c6 3. Nc3 g6 4. e3 Bg7 5. Bd3 dxc4 6. Bxc4 Nf6 7. Nf3 O-O 8. O-O Nd5 9. e4 Nb6 10. Bb3 Bg4 11. d5 cxd5 12. exd5 N8d7 13. Bf4 a6 14. h3 Bxf3 15. Qxf3 Nc5 16. Bc2 Nc4 17. Rab1 b5 18. b4 Nb7 19. Ne4 Ne5 20. Bxe5 Bxe5 21. Rfd1 Qc7 22. Bb3 Nd6 23. Rdc1 Qa7 24. Nc5 Nf5 25. Qe2 Bd6 26. Qe4 a5 27. a3 a4 28. Bd1 h5 29. Bxh5 Bxc5 30. bxc5 Rac8 31. Bg4 Rxc5 32. Bxf5 gxf5 33. Qxf5 1-0

[Event "Sherbrooke-op C"]
[Site "Sherbrooke CAN"]
[Date "2005.05.28"]
[Round "2"]
[White "Poirier, Vincent"]
[Black "Vincent, Pascal"]
[Result "1-0"]
[WhiteElo "1442"]
[BlackElo "1389"]
[PlyCount "49"]
[GameId "2160767910968187"]
[EventDate "2005.05.27"]
[EventType "swiss"]
[EventRounds "5"]
[EventCountry "CAN"]
[SourceTitle "CBM 106 Extra"]
[Source "ChessBase"]
[SourceDate "2005.07.01"]
[SourceVersion "1"]
[SourceVersionDate "2005.07.01"]
[SourceQuality "1"]

1. e4 c5 2. Nc3 Nc6 3. Nf3 g6 4. d4 cxd4 5. Nxd4 Bg7 6. Be3 Nf6 7. Be2 O-O 8. Qd2 a6 9. O-O-O b5 10. Nxc6 Qe8 11. Nd4 Bb7 12. f3 d6 13. Bh6 b4 14. Nd5 Bxd5 15. exd5 Nxd5 16. Bxg7 Kxg7 17. Nf5+ gxf5 18. Qxd5 Qa4 19. Bc4 Rac8 20. Bb3 Qd7 21. h4 Rc5 22. Qd4+ Kg8 23. Rh3 h6 24. Rg3+ Kh7 25. Qg7# 1-0

[Event "Sherbrooke-op C"]
[Site "Sherbrooke CAN"]
[Date "2005.05.28"]
[Round "2"]
[White "Roy, Samuel"]
[Black "Dupont, Claude"]
[Result "1-0"]
[WhiteElo "1485"]
[BlackElo "1384"]
[PlyCount "57"]
[GameId "2160767910968188"]
[EventDate "2005.05.27"]
[EventType "swiss"]
[EventRounds "5"]
[EventCountry "CAN"]
[SourceTitle "CBM 106 Extra"]
[Source "ChessBase"]
[SourceDate "2005.07.01"]
[SourceVersion "1"]
[SourceVersionDate "2005.07.01"]
[SourceQuality "1"]

1. e4 c5 2. Nc3 d6 3. f4 Nc6 4. Nf3 g6 5. Bc4 e6 6. d4 cxd4 7. Nxd4 Bg7 8. Be3 Nge7 9. Bb3 a6 10. Qd2 Nxd4 11. Bxd4 e5 12. Be3 exf4 13. Bxf4 Be5 14. Bxe5 dxe5 15. Qxd8+ Kxd8 16. Bxf7 b5 17. O-O-O+ Kc7 18. Nd5+ Nxd5 19. Bxd5 Rb8 20. Rhf1 Bg4 21. Rf7+ Kb6 22. Rdf1 a5 23. h3 Bc8 24. R1f6+ Kc5 25. c3 b4 26. Rc7+ Kb5 27. c4+ Ka4 28. Bc6+ Rb5 29. Bxb5# 1-0